000 00773nam a2200205 a 4500
001 000037935
005 20260527074042.0
040 _aDO-SdBNP
_bspa
_cBNPHU
082 _a324.27293
_bG887p
100 1 _aGrullón, Rafael
_bG887p
_964363
245 1 0 _aP L D :
_bexperiencia electoral y vida partidaria /
_cRafael Grullón ; prólogo José Joaquín Bidó Medina.
260 _aSanto Domingo :
_bImpretur,
_c2002.
300 _a306 p. ;
_c21 cm.
590 _aInventariado, 2019/MFF
610 2 4 _aPARTIDO DE LA LIBERACIÓN DOMINICANA
_9284
650 0 _aPartidos políticos
_zRepública Dominicana
_9285
651 4 _aRepública Dominicana
_xPolítica Y Gobierno
_y1961-
_9204
700 1 _aBidó Medina, José Joaquín,
_epról.
_910374
910 _aValidado. Control de calidad MFF
999 _c37425
_d37425